Leche amarga: violencia y erotismo en la narrativa chilena del siglo XX. Bombal, Brunet, Donoso, Eltit
Gespeichert in:
| 1. Verfasser: | |
|---|---|
| Format: | Buch |
| Sprache: | Spanisch |
| Veröffentlicht: |
Santiago
Cuarto Propio
2007
|
| Ausgabe: | 1a. ed |
| Schriftenreihe: | Ensayo Literatura
|
| Schlagworte: | |
| Tags: |
Tag hinzufügen
Keine Tags, Fügen Sie den ersten Tag hinzu!
|
MARC
| LEADER | 00000cam a2200000 a 4500 | ||
|---|---|---|---|
| 001 | UCC8644 | ||
| 003 | CL-VaPUC | ||
| 008 | 190802e20070000cl |||||||||||||||||spa|d | ||
| 020 | |a 9789562604161 | ||
| 082 | 0 | 4 | |a Ch863.9 |b CAR |2 21 |
| 100 | |a Carreño Bolívar, Rubí |e author |9 464401 | ||
| 245 | 1 | 0 | |a Leche amarga: violencia y erotismo en la narrativa chilena del siglo XX. Bombal, Brunet, Donoso, Eltit |
| 250 | |a 1a. ed | ||
| 300 | |a 224 p | ||
| 942 | |c BK | ||
| 945 | |d 20190802 10:24:00 |a dcastane | ||
| 260 | |a Santiago |b Cuarto Propio |c 2007 | ||
| 650 | 0 | |a Crítica literaria |9 269189 | |
| 650 | 0 | |a Literatura chilena contemporánea |9 455005 | |
| 583 | |a last modification |c 20190802 10:24:00 |k Rodrigo Vera | ||
| 490 | 0 | |a Ensayo Literatura | |
| 999 | |c 374913 |d 374911 | ||
| 952 | |0 0 |1 0 |3 erb |4 0 |6 CH_863_900000000000000_CAR_2007 |7 0 |8 A |9 493682 |a BIBEDU |b BIBEDU |i 5594162 |o Ch863.9 CAR 2007 |p 5594162 |r 2019-11-24 |w 2019-11-24 |y BK |z Catalogado en:20190802 |k LIT | ||